000 01277nam0a22002651 4500
001 rc\3972440
005 20260407143212.0
021 _aRU
_b[56-36708]
035 _a(NLR Aleph) 008056940
090 _a8977988
_c8977988
100 _a20130415d1956 |||y0rusy50 ca
101 0 _arus
102 _aRU
105 _aa z |||||
200 1 _aИсследования по сейсмостойкости зданий и сооружений
_e[Сборник статей]
_fПод ред. д-ра техн. наук проф. А.Е. Десова
_gМ-во строительства предприятий металлург. и хим. пром-сти СССР. Техн. упр. Центр. науч.-исслед. ин-т пром. сооружений ЦНИПС
210 _aМосква
_cГосстройиздат
_d1956
215 _a120 с.
_cил.
_d22
606 _aСейсмостойкие здания и сооружения
_jСборники
_2psbo
702 1 _aДесов
_bА.Е.
_gАрсений Ефремович
_4340
712 0 2 _aЦНИИ промышленных сооружений
_cМосква
_3RU\NLR\AUTH\8810014876
_9527633
801 0 _aRU
_bNLR
_gpsbo
801 1 _aRU
_bELAR
_2rusmarc
852 _aNLR
_jТ80 Г-5/1100
942 _cBOOK
980 _aNB